Zahraničný obchod Ruskej federácie po zavedení ekonomických sankcií bakalárska práca

Saved in:
Bibliographic Details
Main Author: Lučkaničová, Daniela
Corporate Author: Fakulta medzinárodných vzťahov EU. Katedra medzinárodných ekonomických vzťahov a hospodárskej diplomacie
Other Authors: Kunychka, Mykhaylo, 1990-
Format: Book
Language:Slovak
Published: Bratislava 2017
Tags: Add Tag
No Tags, Be the first to tag this record!

MARC

LEADER 00000nbm a2200000 4500
001 0232104
005 20180221151901.2
041 0 |a slo 
044 |a SK 
245 1 0 |a Zahraničný obchod Ruskej federácie po zavedení ekonomických sankcií  |b bakalárska práca  |c Daniela Lučkaničová ; školiteľ: Mykhaylo Kunychka 
264 1 |a Bratislava  |c 2017 
300 |a 46 s. 
100 1 |a Lučkaničová, Daniela 
700 1 |a Kunychka, Mykhaylo, 1990- 
710 2 |a Fakulta medzinárodných vzťahov EU. Katedra medzinárodných ekonomických vzťahov a hospodárskej diplomacie